Aspects of demotic orthography : acts of an international colloquium held in Trier, 8 November 2010 /
Other Authors:
Format: Book
Language: English
Published:
Leuven ; Walpole, MA :
Peeters,
2013.
Series:
Studia demotica ; 11.
Subjects:
Tags: Add Tag
Call Number: PJ1807 .S85 v.11
| LEADER | 00838nam a22002417a 4500 | ||
|---|---|---|---|
| 003 | OSt | ||
| 005 | 20251027103955.0 | ||
| 008 | 251027t2013 be b 101 0 eng d | ||
| 020 | |a 9042929014 | ||
| 020 | |a 9789042929012 | ||
| 040 | |c ARCE Library | ||
| 050 | 1 | 4 | |a PJ1807 |b .S85 v.11 |
| 245 | 0 | 0 | |a Aspects of demotic orthography : |b acts of an international colloquium held in Trier, 8 November 2010 / |c edited by S.P. Vleeming. |
| 264 | 1 | |a Leuven ; |a Walpole, MA : |b Peeters, |c 2013. | |
| 300 | |a xiii, 184 p. ; |c 25 cm. | ||
| 490 | 0 | |a Studia demotica ; 11. | |
| 504 | |a Includes bibliographical references and indexes. | ||
| 650 | 0 | |a Conference papers and proceedings. | |
| 650 | 0 | |a Egyptian language -- Demotic, ca. 650 B.C.-450 A.D. -- Congresses. | |
| 700 | 1 | |a Vleeming, S. P. | |
| 901 | |a reviewed | ||
| 942 | |2 lcc |c BK | ||
| 999 | |c 50370 |d 50370 | ||
